000 00802nam1a22002651 4500
001 RU\NLR\A1SV\77517
005 20251203171251.9
035 _a(NLR Aleph) 009758989
090 _a10010879
_c10010879
100 _a20070302d1925 u y0rusy50 ca
101 0 _arus
102 _aRU
200 1 _aАзбука кооперации
210 _aМ.
_cЦентросоюз
_d1925
215 _d25 см
225 _a[Издания]
_fЗаоч. кооп. курсы Центросоюза
_fОтд. кооп. просвещения
_h№ 4
620 _dМосква
700 1 _aЛинтварев
_bВ.С.
_f1892-
_gВладимир Сергеевич
801 0 _aRU
_bNLR
_c20070302
852 _aNLR
_j17.163.5.42-4
899 _aРГБ
942 _cBOOK
980 _aNB
980 _aA1SV